Entry Personal Name
Number of records used in: 1
001 - CONTROL NUMBER
003 - CONTROL NUMBER IDENTIFIER
005 - DATE AND TIME OF LATEST TRANSACTION
- control field:
20230923161846.0
008 - FIXED-LENGTH DATA ELEMENTS
- fixed length control field:
020919n| acannaabn |n aaa c
010 ## - LIBRARY OF CONGRESS CONTROL NUMBER
- LC control number:
no2002086185
035 ## - SYSTEM CONTROL NUMBER
- System control number:
(OCoLC)oca05867620
040 ## - CATALOGING SOURCE
- Original cataloging agency:
CoU
- Language of cataloging:
eng
- Transcribing agency:
CoU
100 1# - HEADING--PERSONAL NAME
- Personal name:
Haas, Peter J.
- Fuller form of name:
(Peter Jay)
670 ## - SOURCE DATA FOUND
- Source citation:
Stochastic Petri nets, c2002:
- Information found:
t.p. (Peter J. Haas)
670 ## - SOURCE DATA FOUND
- Source citation:
OCLC database, Sept. 17, 2002
- Information found:
(hdgs.: Haas, Peter J. (Peter Jay), Haas, Peter Jay; usages: Peter J. Haas, Peter Jay Haas)